Sports Quiz

Random Sports or NFL Quiz

NFL 1000+ Yd Receivers in the 2010s Quiz Stats

 Plays Quiz Updated Jan 9, 2020

Support Sporcle.
Go Orange.
Score 0/219 Timer 13:00
14 Plays Today
Team/Year Player % Correct
DET/2012Calvin Johnson
98.7%
DET/2010Calvin Johnson
98.7%
DET/2011Calvin Johnson
98.7%
DET/2013Calvin Johnson
98.7%
DET/2014Calvin Johnson
98.7%
DET/2015Calvin Johnson
98.6%
ATL/2019Julio Jones
98.6%
ATL/2018Julio Jones
98.5%
ATL/2017Julio Jones
98.4%
ATL/2016Julio Jones
98.3%
ATL/2012Julio Jones
98.3%
ATL/2014Julio Jones
98.3%
PIT/2018Antonio Brown
98.3%
ATL/2015Julio Jones
98.2%
PIT/2017Antonio Brown
98.1%
PIT/2016Antonio Brown
98%
HOU/2010Andre Johnson
97.9%
HOU/2012Andre Johnson
97.9%
HOU/2013Andre Johnson
97.9%
PIT/2011Antonio Brown
97.8%
PIT/2013Antonio Brown
97.8%
PIT/2014Antonio Brown
97.8%
PIT/2015Antonio Brown
97.8%
TEN/2019A.J. Brown
97.4%
NO/2019Michael Thomas
97.4%
BUF/2019John Brown
97.3%
DET/2017Marvin Jones Jr.
97.3%
BUF/2010Steve Johnson
96.8%
BUF/2011Steve Johnson
96.8%
BUF/2012Steve Johnson
96.8%
NO/2018Michael Thomas
96.6%
ARI/2015John Brown
96.2%
NO/2017Michael Thomas
96.1%
HOU/2019DeAndre Hopkins
95.8%
NO/2016Michael Thomas
95.6%
DEN/2016Demaryius Thomas
95.5%
DEN/2012Demaryius Thomas
95.4%
DEN/2014Demaryius Thomas
95.4%
DEN/2013Demaryius Thomas
95.4%
DEN/2015Demaryius Thomas
95.2%
HOU/2018DeAndre Hopkins
94.9%
CLE/2019Odell Beckham Jr.
94.6%
TB/2019Mike Evans
94.5%
NYG/2018Odell Beckham Jr.
94.3%
NYG/2016Odell Beckham Jr.
94.1%
KC/2018Tyreek Hill
94%
NYG/2015Odell Beckham Jr.
94%
NYG/2014Odell Beckham Jr.
93.9%
HOU/2017DeAndre Hopkins
93.8%
TAM/2018Mike Evans
92.9%
CIN/2011A.J. Green
92.6%
CIN/2012A.J. Green
92.6%
CIN/2013A.J. Green
92.6%
CIN/2014A.J. Green
92.6%
ARI/2011Larry Fitzgerald
92.5%
ARI/2010Larry Fitzgerald
92.5%
CIN/2015A.J. Green
92.3%
ARI/2015Larry Fitzgerald
92.1%
CIN/2017A.J. Green
92%
CAR/2011Steve Smith
91.9%
CAR/2012Steve Smith
91.9%
BAL/2014Steve Smith
91.9%
ARI/2016Larry Fitzgerald
91.6%
ARI/2017Larry Fitzgerald
91.6%
TB/2017Mike Evans
91.4%
BAL/2013Torrey Smith
91.2%
KC/2017Tyreek Hill
91%
IND/2018T.Y. Hilton
90.8%
HOU/2015DeAndre Hopkins
90.6%
KC/2019Travis Kelce
90.5%
TB/2016Mike Evans
90.2%
NE/2011Rob Gronkowski
90%
NE/2014Rob Gronkowski
90%
Team/Year Player % Correct
GB/2011Jordy Nelson
89.8%
GB/2013Jordy Nelson
89.8%
GB/2014Jordy Nelson
89.8%
HOU/2014DeAndre Hopkins
89.8%
IND/2016T.Y. Hilton
89.8%
NE/2015Rob Gronkowski
89.7%
DAL/2012Dez Bryant
88.5%
DAL/2013Dez Bryant
88.5%
DAL/2014Dez Bryant
88.5%
DAL/2019Amari Cooper
88.4%
LAC/2018Keenan Allen
88.1%
KC/2018Travis Kelce
88%
GB/2016Jordy Nelson
87.8%
IND/2013T.Y. Hilton
87.6%
IND/2014T.Y. Hilton
87.6%
MIN/2019Stefon Diggs
87.4%
IND/2015T.Y. Hilton
87.1%
NE/2019Julian Edelman
87.1%
GB/2018Davante Adams
86.4%
TB/2015Mike Evans
86.1%
LAC/2018Keenan Allen
85.9%
PHI/2010DeSean Jackson
85.9%
PHI/2013DeSean Jackson
85.9%
WAS/2014DeSean Jackson
85.9%
TB/2014Mike Evans
85.8%
SD/2011Vincent Jackson
85.5%
TB/2012Vincent Jackson
85.5%
TB/2013Vincent Jackson
85.5%
TB/2014Vincent Jackson
85.5%
OAK+DAL/2018Amari Cooper
85.4%
KC/2017Travis Kelce
85.2%
MIA/2010Brandon Marshall
84.8%
MIA/2011Brandon Marshall
84.8%
CHI/2012Brandon Marshall
84.8%
CHI/2013Brandon Marshall
84.8%
LAC/2017Keenan Allen
84.7%
NE/2017Rob Gronkowski
84.5%
MIN/2018Adam Thielen
84.4%
NE/2016Julian Edelman
83.9%
NYJ/2015Brandon Marshall
83.7%
MIN/2018Stefon Diggs
83.6%
NE/2011Wes Welker
83.4%
NE/2012Wes Welker
83.4%
CLE/2019Jarvis Landry
83.1%
PHI/2014Odell Beckham Jr.
83.1%
OAK/2016Amari Cooper
83%
NO/2011A.J. Green
82.9%
CLE/2013Josh Gordon
82.8%
WAS/2016DeSean Jackson
82.5%
CHI/2019Allen Robinson
82.3%
KC/2016Travis Kelce
81.7%
TB/2019Chris Godwin
81.6%
MIN/2017Adam Thielen
81.5%
ARI/2015John Brown
81.5%
ATL/2010Roddy White
80.6%
ATL/2011Roddy White
80.6%
ATL/2012Roddy White
80.6%
DEN/2014Emmanuel Sanders
80.4%
LAR/2019Cooper Kupp
80.3%
NE/2013Julian Edelman
80%
DEN/2016Emmanuel Sanders
79.9%
DEN/2015Emmanuel Sanders
79.8%
PIT/2018JuJu Smith-Schuster
79.7%
NYG/2011Victor Cruz
79.2%
NYG/2012Victor Cruz
79.2%
SF/2019George Kittle
78.8%
OAK/2015Amari Cooper
78.5%
DEN/2013Adam Thielen
77.6%
LAR/2019Robert Woods
76.6%
MIA/2016Jarvis Landry
76.6%
JAC/2015Allen Robinson
76.6%
IND/2012Reggie Wayne
76%
SF/2018George Kittle
75.3%
Team/Year Player % Correct
LAR/2018Brandin Cooks
75.1%
IND/2010Reggie Wayne
74.5%
MIA/2019DeVante Parker
74.1%
NO/2016Brandin Cooks
73.4%
WAS/2010Santana Moss
73.1%
CAR/2014DeSean Jackson
73.1%
LAR/2018Robert Woods
72.9%
NE/2017Brandin Cooks
72.9%
GB/2014Randall Cobb
72.4%
MIA/2015Jarvis Landry
72.4%
DET/2019Kenny Golladay
72.2%
LAC/2019Mike Williams
72.1%
NO/2013Jimmy Graham
71.5%
SD/2013Keenan Allen
71.2%
CHI/2013Alshon Jeffery
71.2%
CHI/2014Alshon Jeffery
71.2%
SEA/2019Tyler Lockett
70.3%
SEA/2015Doug Baldwin
69.3%
SEA/2016Doug Baldwin
69.2%
NO/2015Brandin Cooks
69%
DET/2014Golden Tate
68.9%
CAR/2019DJ Moore
68.5%
NO/2010Marques Colston
67.8%
NO/2011Marques Colston
67.8%
NO/2012Marques Colston
67.8%
DET/2016Golden Tate
64.6%
SF/2012Michael Crabtree
64%
CAR/2014Greg Olsen
63.6%
DAL/2010Jason Witten
63.4%
DAL/2012Jason Witten
63.4%
PHI/2018Zach Ertz
62.9%
CAR/2015Greg Olsen
62.8%
DET/2018Kenny Golladay
62.7%
OAK/2016Michael Crabtree
62.6%
SD/2016Tyrell Williams
62.3%
LAR/2016Golden Tate
62.2%
WAS/2013Pierre Garcon
60.9%
DEN/2012Eric Decker
60.8%
SF/2013Anquan Boldin
60.5%
SF/2014Anquan Boldin
60.5%
CAR/2019Christian McCaffrey
60.5%
CAR/2016Greg Olsen
59.7%
NYJ/2015Eric Decker
59.4%
CIN/2019Tyler Boyd
59.3%
DAL/2019Michael Gallup
57.1%
DEN/2019Courtland Sutton
56.9%
BUF/2015Sammy Watkins
56.8%
OAK/2019Darren Waller
56.1%
KC/2010Dwayne Bowe
55.7%
KC/2011Dwayne Bowe
55.7%
WAS/2016Pierre Garcon
53.7%
CIN/2018Tyler Boyd
53.4%
KC/2015Jeremy Maclin
52.6%
GB/2010Greg Jennings
51.7%
PIT/2010Mike Wallace
51.2%
SF/2013Mike Wallace
51.2%
JAX/2019DJ Chark
50.9%
TEN/2015Delanie Walker
46.8%
JAC/2015Allen Hurns
46.7%
BAL/2016Mike Wallace
45%
NYG/2010Hakeem Nicks
42.7%
NYG/2011Hakeem Nicks
42.7%
DAL/2010Miles Austin
42.1%
NO/2012Lance Moore
38%
ARI/2013Michael Floyd
35.4%
DEN/2010Brandon Lloyd
31.5%
CLE/2015Gary Barnidge
28%
LA/2016Kenny Britt
27.3%
MIA/2012Brian Hartline
26.5%
MIA/2013Brian Hartline
26.5%
TEN/2013Kendall Wright
25.4%
ATL/2013Harry Douglas
21.8%
TEN/2011Nate Washington
20.9%

From the Vault

Countries: After 'C'

by eyes355

We'll save you a few minutes. After 'C' comes 'D'.
Remove Ads.
Support Sporcle.
Get the best of Sporcle when you Go Orange. This ad-free experience offers more features, more stats, and more fun while also helping to support Sporcle. Thank you for becoming a member.

Show Comments

Extras

Top Quizzes Today


Score Distribution

Your Account Isn't Verified!

In order to create a playlist on Sporcle, you need to verify the email address you used during registration. Go to your Sporcle Settings to finish the process.

Report this User

Report this user for behavior that violates our Community Guidelines.

Details: